{"text_format":"3","workbook":"xlsx","n_sheets":1,"sheets":["t529"],"read":"whole","date_system":"1900"}

{"sheet":"t529","index":0,"n_rows":186,"n_cols":7,"rows_kept":186,"merged":[[0,0,0,6],[28,0,28,5],[46,0,46,5],[159,0,159,5]]}
["TABELA 529.1 - Estatísticas Agrícolas, Município de Santo Antônio da Alegria, Estado de São Paulo, 2016/17."]
["ITEM","UNIDADE","N.DE UPAs","MÍNIMO","MÉDIO","MÁXIMO","TOTAL"]
["Distância à sede do município","km",768,{"v":0,"d":"0.0"},{"v":9.63,"d":"9.6"},{"v":40,"d":"40.0"},"-"]
["Área total","hectare",768,0.6,{"v":36.89,"d":"36.9"},{"v":1503.8,"d":"1,503.8"},{"v":28328,"d":"28,328.0"}]
["Área com cultura perene","hectare",275,0.3,{"v":13.02,"d":"13.0"},890.1,{"v":3581.4,"d":"3,581.4"}]
["Área com cultura temporária","hectare",305,0.2,{"v":18.18,"d":"18.2"},213.7,{"v":5544.4,"d":"5,544.4"}]
["Área com pastagem","hectare",621,0.2,{"v":18.36,"d":"18.4"},{"v":387,"d":"387.0"},{"v":11402.7,"d":"11,402.7"}]
["Área com reflorestamento","hectare",100,0.1,{"v":10.11,"d":"10.1"},192.8,{"v":1010.7,"d":"1,010.7"}]
["Área com vegetação natural","hectare",680,0.1,{"v":8.97,"d":"9.0"},969.3,{"v":6097.1,"d":"6,097.1"}]
["Área com vegetação de brejo e várzea","hectare",10,0.2,{"v":2.39,"d":"2.4"},14.5,23.9]
["Área em descanso","hectare",12,0.1,10.6,{"v":58,"d":"58.0"},127.2]
["Área complementar","hectare",625,0.1,{"v":0.86,"d":"0.9"},60.5,540.6]
["Área das UPAs com (0, 1] ha","hectare",3,0.6,{"v":0.83,"d":"0.8"},{"v":1,"d":"1.0"},2.5]
["Área das UPAs com (1, 2] ha","hectare",5,1.1,{"v":1.48,"d":"1.5"},1.8,7.4]
["Área das UPAs com (2, 5] ha","hectare",118,2.2,{"v":3.89,"d":"3.9"},{"v":5,"d":"5.0"},459.5]
["Área das UPAs com (5, 10] ha","hectare",139,5.1,{"v":7.56,"d":"7.6"},{"v":10,"d":"10.0"},{"v":1050.7,"d":"1,050.7"}]
["Área das UPAs com (10, 20] ha","hectare",175,10.3,{"v":14.74,"d":"14.7"},{"v":20,"d":"20.0"},{"v":2579.8,"d":"2,579.8"}]
["Área das UPAs com (20, 50] ha","hectare",188,20.3,{"v":31.22,"d":"31.2"},{"v":50,"d":"50.0"},{"v":5868.7,"d":"5,868.7"}]
["Área das UPAs com (50, 100] ha","hectare",85,50.8,{"v":72.72,"d":"72.7"},{"v":100,"d":"100.0"},{"v":6180.9,"d":"6,180.9"}]
["Área das UPAs com (100, 200] ha","hectare",41,102.9,{"v":142.64,"d":"142.6"},194.6,{"v":5848.2,"d":"5,848.2"}]
["Área das UPAs com (200, 500] ha","hectare",10,{"v":203,"d":"203.0"},{"v":252.23,"d":"252.2"},338.6,{"v":2522.3,"d":"2,522.3"}]
["Área das UPAs com (500, 1.000] ha","hectare",2,505.8,{"v":571,"d":"571.0"},636.2,{"v":1142,"d":"1,142.0"}]
["Área das UPAs com (1.000, 2.000] ha","hectare",2,{"v":1162.2,"d":"1,162.2"},{"v":1333,"d":"1,333.0"},{"v":1503.8,"d":"1,503.8"},{"v":2666,"d":"2,666.0"}]
["Área das UPAs com (2.000, 5.000] ha","hectare","-","-","-","-","-"]
["Área das UPAs com (5.000, 10.000] ha","hectare","-","-","-","-","-"]
["Área das UPAs acima de 10.000 ha","hectare","-","-","-","-","-"]
["Fonte: Secretaria de Agricultura e Abastecimento, CDRS/IEA, Projeto LUPA."]
[]
["TABELA 529.2 - Explorações Animais, Município de Santo Antônio da Alegria, Estado de São Paulo, 2016/17."]
["ITEM","UNIDADE","N.DE UPAs","MÍNIMO","MÉDIO","MÁXIMO","TOTAL"]
["Apicultura","colmeias",1,{"v":50,"d":"50.0"},{"v":50,"d":"50.0"},{"v":50,"d":"50.0"},{"v":50,"d":"50.0"}]
["Asininos e muares","cabecas",25,{"v":1,"d":"1.0"},1.4,{"v":9,"d":"9.0"},{"v":35,"d":"35.0"}]
["Avestruzes e ema (criadouro)","cabecas",1,{"v":5,"d":"5.0"},{"v":5,"d":"5.0"},{"v":5,"d":"5.0"},{"v":5,"d":"5.0"}]
["Avicultura de corte","cabecas/ano",1,{"v":420000,"d":"420,000.0"},{"v":420000,"d":"420,000.0"},{"v":420000,"d":"420,000.0"},{"v":420000,"d":"420,000.0"}]
["Bovinocultura de corte","cabecas",371,{"v":1,"d":"1.0"},{"v":34.15,"d":"34.2"},{"v":700,"d":"700.0"},{"v":12670,"d":"12,670.0"}]
["Bovinocultura leiteira","cabecas",101,{"v":1,"d":"1.0"},{"v":45.23,"d":"45.2"},{"v":353,"d":"353.0"},{"v":4568,"d":"4,568.0"}]
["Bovinocultura mista","cabecas",8,{"v":6,"d":"6.0"},14.5,{"v":30,"d":"30.0"},{"v":116,"d":"116.0"}]
["Bubalinocultura","cabecas",1,{"v":4,"d":"4.0"},{"v":4,"d":"4.0"},{"v":4,"d":"4.0"},{"v":4,"d":"4.0"}]
["Caprinocultura","cabecas",6,{"v":5,"d":"5.0"},{"v":22.17,"d":"22.2"},{"v":100,"d":"100.0"},{"v":133,"d":"133.0"}]
["Equinocultura","cabecas",263,{"v":1,"d":"1.0"},{"v":3.51,"d":"3.5"},{"v":82,"d":"82.0"},{"v":923,"d":"923.0"}]
["Ooutra exploracao animal","cabecas",1,{"v":10,"d":"10.0"},{"v":10,"d":"10.0"},{"v":10,"d":"10.0"},{"v":10,"d":"10.0"}]
["Ovinocultura","cabecas",28,{"v":2,"d":"2.0"},{"v":20.64,"d":"20.6"},{"v":103,"d":"103.0"},{"v":578,"d":"578.0"}]
["Piscicultura","m2 tanques",2,{"v":1000,"d":"1,000.0"},{"v":8000,"d":"8,000.0"},{"v":15000,"d":"15,000.0"},{"v":16000,"d":"16,000.0"}]
["Suinocultura","cabecas",112,{"v":1,"d":"1.0"},23.4,{"v":1600,"d":"1,600.0"},{"v":2621,"d":"2,621.0"}]
["Fonte: Secretaria de Agricultura e Abastecimento, CDRS/IEA, Projeto LUPA."]
[]
["TABELA 529.3 -  Máquinas, Implementos e Benfeitorias, Município de Santo Antônio da Alegria, Estado de São Paulo, 2016/17."]
["ITEM","UNIDADE","N.DE UPAs","MÍNIMO","MÉDIO","MÁXIMO","TOTAL"]
["Arado comum (bacia, aiveca)","unidade",103,{"v":1,"d":"1.0"},{"v":1.04,"d":"1.0"},{"v":2,"d":"2.0"},{"v":107,"d":"107.0"}]
["Arado escarificador","unidade",11,{"v":1,"d":"1.0"},{"v":1,"d":"1.0"},{"v":1,"d":"1.0"},{"v":11,"d":"11.0"}]
["Arado subsolador","unidade",18,{"v":1,"d":"1.0"},{"v":1,"d":"1.0"},{"v":1,"d":"1.0"},{"v":18,"d":"18.0"}]
["Batedeira de cereais","unidade",2,{"v":1,"d":"1.0"},{"v":1,"d":"1.0"},{"v":1,"d":"1.0"},{"v":2,"d":"2.0"}]
["Carreta de trator","unidade",193,{"v":1,"d":"1.0"},{"v":1.63,"d":"1.6"},{"v":8,"d":"8.0"},{"v":315,"d":"315.0"}]
["Colhedeira acoplada","unidade",13,{"v":1,"d":"1.0"},{"v":1.23,"d":"1.2"},{"v":2,"d":"2.0"},{"v":16,"d":"16.0"}]
["Colhedeira automotriz","unidade",3,{"v":1,"d":"1.0"},{"v":1.67,"d":"1.7"},{"v":3,"d":"3.0"},{"v":5,"d":"5.0"}]
["Computador","unidade",10,{"v":1,"d":"1.0"},1.1,{"v":2,"d":"2.0"},{"v":11,"d":"11.0"}]
["Conj.irrigacao convencional","unidade",3,{"v":1,"d":"1.0"},{"v":1,"d":"1.0"},{"v":1,"d":"1.0"},{"v":3,"d":"3.0"}]
["Conj.irrigacao/gotejamento/microaspersao","unidade",4,{"v":1,"d":"1.0"},{"v":1.25,"d":"1.3"},{"v":2,"d":"2.0"},{"v":5,"d":"5.0"}]
["Desintegrador de palha (plantio direto)","unidade",3,{"v":1,"d":"1.0"},{"v":1,"d":"1.0"},{"v":1,"d":"1.0"},{"v":3,"d":"3.0"}]
["Desintegrador, picador, triturador","unidade",297,{"v":1,"d":"1.0"},{"v":1.04,"d":"1.0"},{"v":3,"d":"3.0"},{"v":308,"d":"308.0"}]
["Distribuidor de calcario","unidade",67,{"v":1,"d":"1.0"},{"v":1.16,"d":"1.2"},{"v":4,"d":"4.0"},{"v":78,"d":"78.0"}]
["Embarcação","unidade",2,{"v":1,"d":"1.0"},{"v":1,"d":"1.0"},{"v":1,"d":"1.0"},{"v":2,"d":"2.0"}]
["Ensiladeira","unidade",50,{"v":1,"d":"1.0"},{"v":1.14,"d":"1.1"},{"v":4,"d":"4.0"},{"v":57,"d":"57.0"}]
["Grade aradora (tipo romi)","unidade",33,{"v":1,"d":"1.0"},{"v":1.03,"d":"1.0"},{"v":2,"d":"2.0"},{"v":34,"d":"34.0"}]
["Grade niveladora","unidade",115,{"v":1,"d":"1.0"},{"v":1.07,"d":"1.1"},{"v":3,"d":"3.0"},{"v":123,"d":"123.0"}]
["Implementos para tracao animal","unidade",7,{"v":1,"d":"1.0"},{"v":1.29,"d":"1.3"},{"v":2,"d":"2.0"},{"v":9,"d":"9.0"}]
["Misturador de racao","unidade",11,{"v":1,"d":"1.0"},{"v":1,"d":"1.0"},{"v":1,"d":"1.0"},{"v":11,"d":"11.0"}]
["Mmicrotrator","unidade",13,{"v":1,"d":"1.0"},{"v":1.08,"d":"1.1"},{"v":2,"d":"2.0"},{"v":14,"d":"14.0"}]
["Ordenhadeira mecanica","unidade",56,{"v":1,"d":"1.0"},{"v":1,"d":"1.0"},{"v":1,"d":"1.0"},{"v":56,"d":"56.0"}]
["Pulverizador tratorizado","unidade",111,{"v":1,"d":"1.0"},{"v":1.56,"d":"1.6"},{"v":10,"d":"10.0"},{"v":173,"d":"173.0"}]
["Resfriador de leite, tanque expansao","unidade",54,{"v":1,"d":"1.0"},{"v":1,"d":"1.0"},{"v":1,"d":"1.0"},{"v":54,"d":"54.0"}]
["Retroescavadeira","unidade",3,{"v":1,"d":"1.0"},{"v":1.33,"d":"1.3"},{"v":2,"d":"2.0"},{"v":4,"d":"4.0"}]
["Roçadeira costal","unidade",40,{"v":1,"d":"1.0"},1.2,{"v":4,"d":"4.0"},{"v":48,"d":"48.0"}]
["Roçadeira tratorizada","unidade",120,{"v":1,"d":"1.0"},{"v":1.27,"d":"1.3"},{"v":4,"d":"4.0"},{"v":152,"d":"152.0"}]
["Semeadeira/adubadeira para plantio convencional","unidade",28,{"v":1,"d":"1.0"},{"v":1.04,"d":"1.0"},{"v":2,"d":"2.0"},{"v":29,"d":"29.0"}]
["Semeadeira/plantadeira plantio direto","unidade",8,{"v":1,"d":"1.0"},{"v":1,"d":"1.0"},{"v":1,"d":"1.0"},{"v":8,"d":"8.0"}]
["Terraceador","unidade",3,{"v":1,"d":"1.0"},{"v":1,"d":"1.0"},{"v":1,"d":"1.0"},{"v":3,"d":"3.0"}]
["Trator de esteiras","unidade",1,{"v":1,"d":"1.0"},{"v":1,"d":"1.0"},{"v":1,"d":"1.0"},{"v":1,"d":"1.0"}]
["Trator de pneus  acima de 85 cv","unidade",16,{"v":1,"d":"1.0"},{"v":1.25,"d":"1.3"},{"v":2,"d":"2.0"},{"v":20,"d":"20.0"}]
["Trator de pneus até 65 cv","unidade",143,{"v":1,"d":"1.0"},{"v":1.31,"d":"1.3"},{"v":6,"d":"6.0"},{"v":187,"d":"187.0"}]
["Trator de pneus de 66 cv a 85 cv","unidade",96,{"v":1,"d":"1.0"},{"v":1.46,"d":"1.5"},{"v":5,"d":"5.0"},{"v":140,"d":"140.0"}]
["Acude/represa","unidade",200,{"v":1,"d":"1.0"},{"v":1.52,"d":"1.5"},{"v":6,"d":"6.0"},{"v":303,"d":"303.0"}]
["Alambique","unidade",3,{"v":1,"d":"1.0"},{"v":1,"d":"1.0"},{"v":1,"d":"1.0"},{"v":3,"d":"3.0"}]
["Almoxarifado/oficina","unidade",17,{"v":1,"d":"1.0"},{"v":1,"d":"1.0"},{"v":1,"d":"1.0"},{"v":17,"d":"17.0"}]
["Armazem para graos ensacados","sacas",10]
["Balanca para bovinos","unidade",7,{"v":1,"d":"1.0"},{"v":1,"d":"1.0"},{"v":1,"d":"1.0"},{"v":7,"d":"7.0"}]
["Barracao para cultivo de cogumelo","unidade",1,{"v":1,"d":"1.0"},{"v":1,"d":"1.0"},{"v":1,"d":"1.0"},{"v":1,"d":"1.0"}]
["Barracao para granja/avicultura","unidade",6,{"v":1,"d":"1.0"},{"v":2,"d":"2.0"},{"v":3,"d":"3.0"},{"v":12,"d":"12.0"}]
["Barracao/galpao/garagem","unidade",164,{"v":1,"d":"1.0"},{"v":1.07,"d":"1.1"},{"v":4,"d":"4.0"},{"v":175,"d":"175.0"}]
["Biodigestor","unidade",9,{"v":1,"d":"1.0"},{"v":1.22,"d":"1.2"},{"v":2,"d":"2.0"},{"v":11,"d":"11.0"}]
["Casa de moradia habitada","unidade",383,{"v":1,"d":"1.0"},{"v":1.31,"d":"1.3"},{"v":6,"d":"6.0"},{"v":502,"d":"502.0"}]
["Casa de moradia total","unidade",596,{"v":1,"d":"1.0"},{"v":1.74,"d":"1.7"},{"v":14,"d":"14.0"},{"v":1035,"d":"1,035.0"}]
["Curral/mangueira","unidade",443,{"v":1,"d":"1.0"},{"v":1.07,"d":"1.1"},{"v":4,"d":"4.0"},{"v":473,"d":"473.0"}]
["Deposito/tulha","unidade",346,{"v":1,"d":"1.0"},{"v":1.04,"d":"1.0"},{"v":3,"d":"3.0"},{"v":361,"d":"361.0"}]
["Engenho","unidade",1,{"v":2,"d":"2.0"},{"v":2,"d":"2.0"},{"v":2,"d":"2.0"},{"v":2,"d":"2.0"}]
["Estabulo","unidade",399,{"v":1,"d":"1.0"},{"v":1.03,"d":"1.0"},{"v":2,"d":"2.0"},{"v":412,"d":"412.0"}]
["Estufa/plasticultura","m2",1]
["Instalacoes para equinos","unidade",24,{"v":1,"d":"1.0"},{"v":3.96,"d":"4.0"},{"v":15,"d":"15.0"},{"v":95,"d":"95.0"}]
["Maquina de beneficio","unidade",13,{"v":1,"d":"1.0"},{"v":1,"d":"1.0"},{"v":1,"d":"1.0"},{"v":13,"d":"13.0"}]
["Pocilga","unidade",113,{"v":1,"d":"1.0"},{"v":1.06,"d":"1.1"},{"v":5,"d":"5.0"},{"v":120,"d":"120.0"}]
["Poco semi-artesiano","unidade",50,{"v":1,"d":"1.0"},{"v":1.08,"d":"1.1"},{"v":2,"d":"2.0"},{"v":54,"d":"54.0"}]
["Secador de graos","unidade",18,{"v":1,"d":"1.0"},{"v":1.17,"d":"1.2"},{"v":2,"d":"2.0"},{"v":21,"d":"21.0"}]
["Silo para graos","ton",2]
["Silo para silagem","ton",23]
["Terreiro","m2",140]
["Fonte: Secretaria de Agricultura e Abastecimento, CDRS/IEA, Projeto LUPA."]
[]
["TABELA 529.4 - Outras Estatísticas Agrícolas, Município de Santo Antônio da Alegria, Estado de São Paulo, 2016/17."]
["ITEM","Número de UPAs",null,"Percentual"]
["Faz Parte de Associação de Produtores",80,null,{"v":10.416666666666666,"d":"10.4"}]
["Faz Parte de Cooperativa de Produtores",161,null,{"v":20.963541666666668,"d":"21.0"}]
["Faz Parte do Sindicato de Produtores",19,null,{"v":2.473958333333333,"d":"2.5"}]
["Não utiliza assistência técnica ",286,null,{"v":37.239583333333336,"d":"37.2"}]
["Utiliza somente assistência técnica governamental ",189,null,{"v":24.609375,"d":"24.6"}]
["Utiliza somente assistência técnica privada ",194,null,{"v":25.260416666666668,"d":"25.3"}]
["Utiliza assistência técnica tanto governamental quanto privada",99,null,{"v":12.890625,"d":"12.9"}]
["Utiliza Crédito Rural",74,null,{"v":9.635416666666666,"d":"9.6"}]
["Utiliza Seguro Rural",24,null,{"v":3.125,"d":"3.1"}]
["Utiliza Escrituração Agrícola",238,null,{"v":30.989583333333332,"d":"31.0"}]
["Acessa Internet p/ Fins na Agropecuária",104,null,{"v":13.541666666666668,"d":"13.5"}]
["Utiliza Computador nas Atividades Agropecuárias",68,null,{"v":8.854166666666666,"d":"8.9"}]
["Utiliza Energia Elétrica Para Uso na Atividade Agrícola",593,null,{"v":77.21354166666667,"d":"77.2"}]
["Utiliza Energia Alternativa",10,null,{"v":1.3020833333333335,"d":"1.3"}]
["Realiza Análise de Solo, quando necessário",362,null,{"v":47.135416666666664,"d":"47.1"}]
["Realiza Calagem",358,null,{"v":46.614583333333336,"d":"46.6"}]
["Utiliza Práticas de Conservação de Solo, quando necessário",570,null,{"v":74.21875,"d":"74.2"}]
["Faz Adubação Mineral, quando necessário",523,null,{"v":68.09895833333333,"d":"68.1"}]
["Faz Adubação Orgânica, quando necessário",308,null,{"v":40.104166666666664,"d":"40.1"}]
["Faz Adubação Verde, quando necessário",52,null,{"v":6.770833333333334,"d":"6.8"}]
["Utiliza Manejo Integrado de Pragas (MIP)",6,null,{"v":0.78125,"d":"0.8"}]
["Utiliza Hidroponia",1,null,{"v":0.13020833333333334,"d":"0.1"}]
["Utiliza Cultivo em Estufa",3,null,{"v":0.390625,"d":"0.4"}]
["Utiliza Mudas Fiscalizadas",38,null,{"v":4.947916666666666,"d":"4.9"}]
["Utiliza Semente Melhorada",139,null,{"v":18.098958333333332,"d":"18.1"}]
["Faz Confinamento de Bovinos",10,null,{"v":1.3020833333333335,"d":"1.3"}]
["Utiliza Pastejo Intensivo",9,null,{"v":1.171875,"d":"1.2"}]
["Faz Inseminação Artificial",29,null,{"v":3.7760416666666665,"d":"3.8"}]
["Faz Mineralização do Rebanho",470,null,{"v":61.197916666666664,"d":"61.2"}]
["Faz Vermifugação do Rebanho",471,null,{"v":61.328125,"d":"61.3"}]
["Possui Parceiros /Arrendatários na Exploração Animal",47,null,{"v":6.119791666666667,"d":"6.1"}]
["Existência de trabalhadores c/ deficiência na UPA",1,null,{"v":0.13020833333333334,"d":"0.1"}]
["Esporte e lazer",2,null,{"v":0.2604166666666667,"d":"0.3"}]
["Extração mineral",1,null,{"v":0.13020833333333334,"d":"0.1"}]
["Hotel Fazenda, Pousada ou SPA",1,null,{"v":0.13020833333333334,"d":"0.1"}]
["Pesque-pague",1,null,{"v":0.13020833333333334,"d":"0.1"}]
["Restaurante ou Lanchonete",2,null,{"v":0.2604166666666667,"d":"0.3"}]
["Transformação artesanal","-",null,"-"]
["Turismo rural ou ecoturismo","-",null,"-"]
["Outras atividades econômicas rurais","-",null,"-"]
["Agroindústria","-",null,"-"]
["Proprietário sem instrução ou com instrução incompleta",7,null,{"v":0.9114583333333334,"d":"0.9"}]
["Proprietário com antigo primário completo",7,null,{"v":0.9114583333333334,"d":"0.9"}]
["Proprietário com 1° grau (ou antigo ginasial) completo",354,null,{"v":46.09375,"d":"46.1"}]
["Proprietário com 2° grau (ou antigo colegial) completo",181,null,{"v":23.567708333333332,"d":"23.6"}]
["Proprietário com curso superior completo ",213,null,{"v":27.734375,"d":"27.7"}]
["Pessoa Jurídica",6,null,{"v":0.78125,"d":"0.8"}]
["Proprietário residente na própria UPA ",58,null,{"v":7.552083333333333,"d":"7.6"}]
["Fonte: Secretaria de Agricultura e Abastecimento, CDRS/IEA, Projeto LUPA."]
[]
["TABELA 529.5 - Área Cultivada, Município de Santo Antônio da Alegria, Estado de São Paulo, 2016/17."]
["CULTURA","N.DE UPAs","MÍNIMO","MÉDIO","MÁXIMO","TOTAL"]
["Braquiaria",615,0.2,{"v":18.33,"d":"18.3"},{"v":387,"d":"387.0"},{"v":11272.6,"d":"11,272.6"}]
["Cana-de-acucar finalidade industria",74,{"v":1,"d":"1.0"},{"v":52.81,"d":"52.8"},{"v":220,"d":"220.0"},{"v":3908.2,"d":"3,908.2"}]
["Cafe",263,0.3,{"v":7.74,"d":"7.7"},76.7,{"v":2035.6,"d":"2,035.6"}]
["Laranja Industria",6,28.2,{"v":218.47,"d":"218.5"},890.1,{"v":1310.8,"d":"1,310.8"}]
["Eucalipto",98,0.1,10.2,192.8,999.5]
["Milho-silagem",130,0.5,{"v":7.13,"d":"7.1"},{"v":40,"d":"40.0"},926.8]
["Milho safra",48,0.2,{"v":7.44,"d":"7.4"},{"v":121,"d":"121.0"},357.2]
["Soja",7,{"v":12,"d":"12.0"},{"v":38.81,"d":"38.8"},65.1,271.7]
["Cana-de-acucar outras finalidades",100,0.2,{"v":1.62,"d":"1.6"},{"v":12,"d":"12.0"},162.4]
["Abacate",6,{"v":1,"d":"1.0"},16.9,{"v":32,"d":"32.0"},101.4]
["Laranja Mercado",1,{"v":70,"d":"70.0"},{"v":70,"d":"70.0"},{"v":70,"d":"70.0"},{"v":70,"d":"70.0"}]
["Coloniao",13,0.5,{"v":4.81,"d":"4.8"},{"v":10,"d":"10.0"},62.5]
["Gramas",8,{"v":1,"d":"1.0"},5.9,{"v":20,"d":"20.0"},47.2]
["Manga",2,9.6,{"v":23.55,"d":"23.6"},37.5,47.1]
["Capim-napier (ou capim-elefante)",18,0.5,{"v":1.13,"d":"1.1"},3.8,20.4]
["Abacaxi (ou ananas)",1,{"v":15,"d":"15.0"},{"v":15,"d":"15.0"},{"v":15,"d":"15.0"},{"v":15,"d":"15.0"}]
["Limao",1,{"v":13,"d":"13.0"},{"v":13,"d":"13.0"},{"v":13,"d":"13.0"},{"v":13,"d":"13.0"}]
["Abobora (ou jerimum)",1,{"v":12,"d":"12.0"},{"v":12,"d":"12.0"},{"v":12,"d":"12.0"},{"v":12,"d":"12.0"}]
["Outras florestais",3,0.7,{"v":3.73,"d":"3.7"},{"v":9,"d":"9.0"},11.2]
["Tangerina",1,2.9,2.9,2.9,2.9]
["Mandioca",2,0.5,0.9,1.3,1.8]
["Figo (ou figo-da-europa)",1,0.6,0.6,0.6,0.6]
["Feijao",1,0.5,0.5,0.5,0.5]
["Arroz",1,0.5,0.5,0.5,0.5]
["Fonte: Secretaria de Agricultura e Abastecimento, CDRS/IEA, Projeto LUPA."]